| 000 | 00624nam a2200229Ia 4500 | ||
|---|---|---|---|
| 003 | OSt | ||
| 005 | 20221006163849.0 | ||
| 006 | a|||||r|||| 00| 0 | ||
| 007 | ta | ||
| 008 | 221006b |||||||| |||| 00| 0 eng d | ||
| 024 | _a257 | ||
| 037 | _cTextual | ||
| 040 |
_aFML _cFML _beng |
||
| 041 |
_2eng _aeng |
||
| 082 | _aNR44,16, P5 | ||
| 100 |
_aChaudhary Debu Ed. _9676020 |
||
| 245 | 0 |
_aGuldasta _b Prof. D.T. Joshi And His Compositions |
|
| 260 |
_aDelhi _bSanjay Prakashan _c2005 |
||
| 300 |
_a99 _ccm. |
||
| 942 |
_hNR44,16, P5 _cTEXL _2CC |
||
| 999 |
_c1115562 _d1115562 |
||